Catálogo
 En Linea

Trazos para una bibliografía comentada de Alfonso Reyes, con especial atención a su postergada antología mexicana : "En busca del alma nacional" / (Registro nro. 39855)

Detalles MARC
000 -CABECERA
campo de control de longitud fija 01006nam a2200205 a 4500
001 - NÚMERO DE CONTROL
campo de control 000040365
005 - FECHA Y HORA DE LA ÚLTIMA TRANSACCIÓN
campo de control 20201002034102.0
008 - DATOS DE LONGITUD FIJA--INFORMACIÓN GENERAL
campo de control de longitud fija 130822s2005 mx 000 0 spa d
020 ## - NÚMERO INTERNACIONAL ESTÁNDAR DEL LIBRO
Número Internacional Estándar del Libro 9703223656
040 ## - FUENTE DE LA CATALOGACIÓN
Centro catalogador/agencia de origen DO-SdBNP
Lengua de catalogación spa
Centro/agencia transcriptor BNPHU
100 1# - ENTRADA PRINCIPAL--NOMBRE DE PERSONA
Nombre de persona Castañón, Adolfo
Fechas asociadas al nombre 1952-
9 (RLIN) 12646
245 10 - MENCIÓN DE TÍTULO
Título Trazos para una bibliografía comentada de Alfonso Reyes, con especial atención a su postergada antología mexicana : "En busca del alma nacional" /
Mención de responsabilidad, etc. Adolfo Castañón.
260 ## - PUBLICACIÓN, DISTRIBUCIÓN, ETC.
Lugar de publicación, distribución, etc. México :
Nombre del editor, distribuidor, etc. Universidad Nacional Autónoma de México :
-- Difusión Cultural, Dirección General de Publicaciones y Fomen : Academia Mexicana de la Lengua,
Fecha de publicación, distribución, etc. 2005.
300 ## - DESCRIPCIÓN FÍSICA
Extensión 126 p. ;
Dimensiones 18 cm.
500 ## - NOTA GENERAL
Nota general Discurso de ingreso a la Academía Mexicana de la Lengua, 10 de marzo de 2005.", respuesta de José Luis Martínez
504 ## - NOTA DE BIBLIOGRAFÍA, ETC.
Nota de bibliografía, etc. Incluye referencias bibliográficas y notas al pie de las páginas
504 ## - NOTA DE BIBLIOGRAFÍA, ETC.
Nota de bibliografía, etc. Bibliografía : p. 77 - 96
700 1# - PUNTO DE ACCESO ADICIONAL--NOMBRE DE PERSONA
Nombre de persona Reyes, Alfonso
9 (RLIN) 12593
700 1# - PUNTO DE ACCESO ADICIONAL--NOMBRE DE PERSONA
Nombre de persona Martíz, José Luis
9 (RLIN) 66664
Existencias
Estado de retiro Estado de pérdida Restricciones de uso No para préstamo Código de colección Localización permanente Ubicación/localización actual Ubicación en estantería Fecha de adquisición Número de inventario Total de préstamos Signatura topográfica completa Código de barras Fecha visto por última vez Número de copia Precio válido a partir de Tipo de ítem Koha
    Préstamo interno   Monografías: Libros y Folletos General General En catalogación 22.08.2013 LF1   40365-10 25.06.2020 e. 3 25.06.2020 Préstamo interno
      Excluido de préstamo Monografías: Libros y Folletos General General En catalogación 22.08.2013 LF1   40365-20 25.06.2020   25.06.2020 No se presta
      Excluido de préstamo Monografías: Libros y Folletos General General En catalogación 22.08.2013 LF1   40365-30 25.06.2020 e. 2 25.06.2020 No se presta

Con tecnología Koha